Nuclear energy Encyclopedia : Science, Technology, and Applications /
Salvato in:
| Altri autori: | , , |
|---|---|
| Natura: | Libro |
| Lingua: | inglese |
| Pubblicazione: |
Hoboken :
John Wiley & Sons,
2011
|
| Serie: | Wiley Series on Energy
|
| Soggetti: | |
| Tags: |
Nessun Tag, puoi essere il primo ad aggiungerne!!
|
MARC
| LEADER | 00000nam a22000003a 4500 | ||
|---|---|---|---|
| 001 | stu237226 | ||
| 005 | 20190206124616.7 | ||
| 008 | 111026s2011----xxu-----------------eng-d | ||
| 020 | |a 978-1-118-04349-3 | ||
| 040 | |a STU |b slo | ||
| 041 | 0 | |a eng | |
| 044 | |a xxu | ||
| 080 | |a 621.039 | ||
| 100 | 1 | |a Krivit, Steven B. |4 edt | |
| 245 | 1 | |a Nuclear energy Encyclopedia : |b Science, Technology, and Applications / |c Ed.: Krivit, S. a i. | |
| 260 | |a Hoboken : |b John Wiley & Sons, |c 2011 | ||
| 300 | |a 595 s | ||
| 650 | 7 | |a Jadrová energetika |2 stusub | |
| 650 | 7 | |a encyklopédia |2 stusub | |
| 700 | 1 | |a Lehr, Jay H. |4 edt | |
| 700 | 1 | |a Kingery, Thomas B. |4 edt | |
| 830 | 0 | |a Wiley Series on Energy | |
| 996 | |b 284M080411 |c M*13064-1 |l MMKN |s A |a 24 |w stu237226_0001 | ||
| 996 | |b 284EK88777 |c E*88777 |l EE36 |s P |a 0 |w stu237226_0002 | ||
| 996 | |b 284EK89070 |c E*89070 |l EE36 |s P |a 0 |w stu237226_0003 | ||
| 996 | |b 284EK89289 |c E*89289 |l EE36 |s P |a 0 |w stu237226_0004 | ||